[Event "FRA-ch U16 Girls"]
[Site "Montlucon"]
[Date "2011.04.19"]
[Round "4"]
[White "Fischer, Julie"]
[Black "David, Betty"]
[Result "1-0"]
[WhiteElo "1823"]
[BlackElo "1620"]
[PlyCount "77"]
[EventDate "2011.04.17"]
[EventType "swiss"]
[EventRounds "9"]
[EventCountry "FRA"]
[SourceTitle "CBM 142 Extra"]
[Source "ChessBase"]
[SourceDate "2011.06.27"]
[SourceVersion "1"]
[SourceVersionDate "2011.06.27"]
[SourceQuality "1"]

1. e4 c5 2. Nf3 a6 3. d4 cxd4 4. Nxd4 Nf6 5. Bd3 e5 6. Nf5 d5 7. exd5 e4 8. Ne3 exd3 9. Qxd3 b5 10. 0-0 Bc5 11. Re1 0-0 12. Nc3 Bxe3 13. Bxe3 Qd6 14. Rad1 Bb7 15. Bg5 Nbd7 16. a3 Rfe8 17. Re3 h6 18. Bh4 Ne5 19. Qd4 Nc4 20. Rxe8+ Rxe8 21. f3 Nxb2 22. Nxb5 axb5 23. Qxb2 Nxd5 24. Qxb5 Bc6 25. Qc4 Ra8 26. Bg3 Qd7 27. Rd3 Ra7 28. Qc5 Qb7 29. Rb3 Qa6 30. c4 Qa4 31. Rb8+ Kh7 32. cxd5 Qd1+ 33. Kf2 Qd2+ 34. Kf1 Qd1+ 35. Be1 Qd3+ 36. Kf2 Rxa3 37. dxc6 Ra2+ 38. Kg1 Qe2 39. Qf5+ 1-0

[Event "FRA-ch U16 Girls"]
[Site "Troyes"]
[Date "2010.04.16"]
[Round "7"]
[White "Bogen, Fanny"]
[Black "David, Betty"]
[Result "1-0"]
[WhiteElo "1710"]
[BlackElo "1600"]
[PlyCount "59"]
[EventDate "2010.04.11"]
[EventType "swiss"]
[EventRounds "9"]
[EventCountry "FRA"]
[SourceTitle "EXT 2012"]
[Source "ChessBase"]
[SourceDate "2011.11.24"]
[SourceVersion "1"]
[SourceVersionDate "2011.11.24"]
[SourceQuality "1"]

1. e4 d5 2. exd5 Qxd5 3. Nc3 Qa5 4. Bc4 Nf6 5. d3 c6 6. Bd2 Qc7 7. Qe2 Bf5 8. h3 h5 9. 0-0-0 Nbd7 10. Nf3 e6 11. Ng5 Nb6 12. Rhe1 Nxc4 13. dxc4 0-0-0 14. Qf3 Bd6 15. Be3 Be5 16. Bxa7 Rxd1+ 17. Nxd1 c5 18. Rxe5 Qxe5 19. Nxf7 Qc7 20. Nxh8 Qa5 21. Bxc5 Qxc5 22. Nf7 Kc7 23. Qg3+ Kb6 24. Qxg7 Qxc4 25. Ne3 Qe2 26. Qxf6 Qe1+ 27. Nd1 Qe2 28. Qd4+ Kc7 29. Qd6+ Kc8 30. Qd8# 1-0